LEADER 00727cam0-2200265-i-450 001 990005283530403321 005 20260303120921.0 035 $aFED01000528353 100 $a19990604d1932----km-y0itay50------ba 101 0 $aita 102 $aIT 105 $ay-------001yy 200 1 $a<>Inni di Callimaco$fP. Anthos Ardizzoni 210 $aCatania$cStudio Editoriale Moderno$d1932 215 $a135 p.$d19 cm 225 1 $aCritica letteraria 676 $a881.01 700 1$aArdizzoni,$bAnthos$0163018 801 0$aIT$bUNINA$gRICA$2UNIMARC 901 $aBK 912 $a990005283530403321 952 $aP2B 610 CALLIM/S 05$bSt.rel. 461$fFLFBC 959 $aFLFBC 996 $aInni di callimaco$9537608 997 $aUNINA